A handbook of labour legislation in india / (Record no. 124776)

MARC details
000 -LEADER
fixed length control field 00676nam a22002297a 4500
005 - DATE AND TIME OF LATEST TRANSACTION
control field 20170124105944.0
010 ## - LIBRARY OF CONGRESS CONTROL NUMBER
LC control number 500531
020 ## - INTERNATIONAL STANDARD BOOK NUMBER
Terms of availability 00.00
035 ## - SYSTEM CONTROL NUMBER
System control number 500531
037 ## - SOURCE OF ACQUISITION
Source of stock number/acquisition Cen Lib/Ret
040 ## - CATALOGING SOURCE
Original cataloging agency DPL
Language of cataloging EN
082 ## - DEWEY DECIMAL CLASSIFICATION NUMBER
Classification number 331
Item number HAN
245 ## - TITLE STATEMENT
Title A handbook of labour legislation in india /
Statement of responsibility, etc compiled by N.k. Varkey
260 ## - PUBLICATION, DISTRIBUTION, ETC. (IMPRINT)
Name of publisher, distributor, etc Lalvani Publishing House
Date of publication, distribution, etc 1968
Place of publication, distribution, etc Bombay
270 ## - ADDRESS
City Bombay
Address 210, Dr. d.n. road
300 ## - PHYSICAL DESCRIPTION
Extent vii,175p.
Dimensions 21cm(Hb)
500 ## - GENERAL NOTE
General note Includes index
650 ## - SUBJECT ADDED ENTRY--TOPICAL TERM
Topical term or geographic name as entry element Labour Legislation
Form subdivision Handbook
9 (RLIN) 11899
650 ## - SUBJECT ADDED ENTRY--TOPICAL TERM
Topical term or geographic name as entry element Industrial management
9 (RLIN) 73944
700 ## - ADDED ENTRY--PERSONAL NAME
Personal name Varkey, N.K.
9 (RLIN) 11901
942 ## - ADDED ENTRY ELEMENTS (KOHA)
Source of classification or shelving scheme Dewey Decimal Classification
Koha item type English Books
Classification part 331
Call number suffix HAN
Holdings
Withdrawn status Lost status Damaged status Not for loan Home library Current library Date acquired Source of acquisition Cost, normal purchase price Total Checkouts Full call number Barcode Date last seen Copy number Cost, replacement price Price effective from Koha item type
        Central Library Central Library 18/06/2015 Cen Lib/Ret 0.00   331 HAN 500531 18/06/2015 1 0.00 18/06/2015 English Books

© Delhi Public Library
Hit Counter
free hit counter